| 000 | 00481cam a2200205ua 4500 | ||
|---|---|---|---|
| 001 | 8751 | ||
| 005 | 20260515114355.0 | ||
| 008 | 150213n ii |||gr||||Z||||||eng | ||
| 020 | _a0706986288 | ||
| 040 | _cMAIN | ||
| 041 | _aeng | ||
| 082 | _a823 | ||
| 100 |
_aPrasad, P. C., _eEditor. |
||
| 245 | 1 |
_aNecklace and other stories _cEdited by P. C. Prasad |
|
| 250 | _a1st. | ||
| 260 |
_aNew Delhi: _bVikas, _c1985. |
||
| 300 | _a212p. | ||
| 653 | _aEnglish fiction | ||
| 942 | _cBK | ||
| 999 |
_c7842 _d7842 |
||